000 00469nam a2200157Ia 4500
003 GCL
008 140319s9999 xx 000 0 ara d
040 _aGCL /
_cGCL
082 0 4 _a030.21
_bع م
100 1 _aعباس محمود العقاد
245 1 0 _aموسوعة عباس محمود العقاد الاسلامية /
_cعباس محمود العقاد
490 _a100 قصة
_v0
650 0 4 _aالاسلام
650 0 4 _aالموسوعات
942 _2ddc
_cBK
999 _c43919
_d43919